02109nam a2200277Ia 450000500170000000800410001704000440005804100080010208200150011010000380012524201610016324501530032424600300047726000890050730000370059650004370063350501980107050600210126854600520128965000500134165000220139165000450141370000400145885602200149885601130171820171213095456.0130821s1762 it fr 1 lat d aCo-BoUCMbspacSandra YazodSandra Yazo0 alat04a871.082201 aHoracio Flaco, Quintod65-8 a. C.00aObras de Quinto Horacio Flaco.cCon explicaciones y notas de Luis Desprez.pObras de Quinto Horacio Flaco que han llegado hasta nosotros. Tomo segundo.yspa10aQuinti Horatii Flacci Opera. cInterpretatione et notis illustravit Ludovicus Desprez … pQuinti Horatii Flacci opera quae extant. Tomus secundus.18aHoratii in usum Delphini. aVenetiis (Venecia) [Italia]bEx typographia Balleoniana [Imprenta Balleoniana]c1762 a799 - 1671 páginasc17 x 9 cm. aDetalles físicos: Encuadernación rígida en cartón forrado en pergamino. Conserva parte de los cierres. Guardas. Anteportada. Cenefa y remate ocasional. Texto impreso en una y dos columnas, con diferentes tipos de letras. Notas de pie de página. Índice final. Signaturas y reclamos. Obra poética numerada por versos. Datos de publicación tomados de la edición en línea del V.1. Colección incompleta, falta V.1.0 aV.2: Sátiras: Libros I y II ; Cartas: Libro I y II ; Epístolas a los Pisones o Arte Poética ; Notas al Arte Poética ; Índices varios: Temas importantes ; Vocabulario propio de Horacio aConsulta en sala aTexto en latín con algunas palabras en griego 7aLiteratura clásicaxObras anteriores a 1800 7aLiteratura Latina 7aPoesía latinaxObras anteriores a 18001 aDesprez, Louisdactive 17th century41uhttp://books.google.com.co/books?id=KAd9BDTp-bEC&printsec=frontcover&dq=Quinti+Horatii+Flacci+in+usum+delphini+1762&hl=es&sa=X&ei=JfLDU7iNIu-_sQTi0YGoBg&ved=0CCoQ6AEwAg#v=onepage&q&f=falsezDisponible en línea V.141uhttp://reader.digitale-sammlungen.de/de/fs1/object/display/bsb10241344_00009.htmlzDisponible en línea V.2